[Event "Ekstraliga 2019"]
[Site "Katowice"]
[Date "2019.08.29"]
[Round "2.22"]
[White "Warakomski, Tomasz"]
[Black "Gajewski, Grzegorz"]
[Result "1/2-1/2"]
[BlackElo "2613"]
[WhiteElo "2497"]
[WhiteTeam "Akademia Szachowa Gliwice"]
[BlackTeam "Wasko HETMAN GKS Katowice"]
[LiveChessVersion "1.4.8"]

1. e4 {[%clk 1:30:58]} e5 {[%clk 1:30:48]} 2. Nf3 {[%clk 1:31:03]} Nc6
{[%clk 1:31:11]} 3. Bc4 {[%clk 1:31:30]} Bc5 {[%clk 1:31:34]} 4. O-O
{[%clk 1:31:42]} Nf6 {[%clk 1:31:53]} 5. d3 {[%clk 1:32:09]} d6 {[%clk 1:32:05]}
6. c3 {[%clk 1:32:33]} a6 {[%clk 1:31:46]} 7. a4 {[%clk 1:32:27]} h6
{[%clk 1:32:03]} 8. Re1 {[%clk 1:29:04]} a5 {[%clk 1:30:47]} 9. Na3
{[%clk 1:24:15]} O-O {[%clk 1:30:21]} 10. Nc2 {[%clk 1:20:46]} Be6
{[%clk 1:29:44]} 11. Bxe6 {[%clk 1:14:45]} fxe6 {[%clk 1:30:02]} 12. d4
{[%clk 1:15:11]} exd4 {[%clk 1:26:22]} 13. cxd4 {[%clk 1:09:07]} Bb6 14. h3
{[%clk 0:48:43]} d5 {[%clk 1:20:59]} 15. e5 {[%clk 0:48:43]} Nd7 {[%clk 1:17:47]}
16. Be3 {[%clk 0:38:31]} Ne7 {[%clk 1:16:35]} 17. Nh4 {[%clk 0:38:52]} Qe8
{[%clk 1:13:31]} 18. Qg4 {[%clk 0:37:04]} Kh7 {[%clk 1:07:48]} 19. Qxe6
{[%clk 0:36:28]} g5 {[%clk 1:07:57]} 20. Nf3 {[%clk 0:35:53]} Rf5
{[%clk 1:07:30]} 21. Nh4 {[%clk 0:26:06]} Rf8 {[%clk 1:02:47]} 22. Nf3
{[%clk 0:23:16]} Rf5 {[%clk 1:01:21]} 1/2-1/2

[Event "Ekstraliga 2019"]
[Site "Katowice"]
[Date "2019.08.29"]
[Round "2.28"]
[White "Simacek, Pavel"]
[Black "Nasuta, Grzegorz"]
[Result "1/2-1/2"]
[BlackElo "2533"]
[WhiteElo "2479"]
[WhiteTeam "KSz Miedz Legnica"]
[BlackTeam "KSz Silesia Raciborz"]
[LiveChessVersion "1.4.8"]

1. e4 {[%clk 1:30:56]} e5 {[%clk 1:30:48]} 2. Nf3 {[%clk 1:31:16]} Nc6
{[%clk 1:31:12]} 3. Bb5 {[%clk 1:31:14]} a6 {[%clk 1:31:36]} 4. Ba4
{[%clk 1:31:39]} Nf6 {[%clk 1:32:00]} 5. O-O {[%clk 1:31:43]} b5 {[%clk 1:32:23]}
6. Bb3 {[%clk 1:32:05]} Bc5 {[%clk 1:32:47]} 7. d3 {[%clk 1:30:53]} d6
{[%clk 1:32:01]} 8. Nc3 {[%clk 1:30:20]} h6 {[%clk 1:30:13]} 9. Nd5
{[%clk 1:30:20]} O-O {[%clk 1:25:02]} 10. c3 {[%clk 1:30:20]} Rb8
{[%clk 1:17:29]} 11. Be3 Nxd5 {[%clk 1:05:53]} 12. Bxd5 {[%clk 1:17:52]} Bxe3
{[%clk 1:06:14]} 13. fxe3 {[%clk 1:18:11]} Ne7 {[%clk 1:06:35]} 14. Bb3
{[%clk 1:18:37]} c5 {[%clk 0:46:30]} 15. Nh4 {[%clk 1:12:49]} d5 {[%clk 0:35:12]}
16. Qh5 {[%clk 1:05:37]} c4 {[%clk 0:31:34]} 17. Bc2 {[%clk 1:04:39]} cxd3
{[%clk 0:23:14]} 18. Bxd3 {[%clk 1:04:51]} d4 {[%clk 0:23:40]} 19. Rad1
{[%clk 0:57:24]} Nc6 {[%clk 0:15:09]} 20. Nf3 {[%clk 0:21:35]} Qb6
{[%clk 0:10:55]} 21. Nxe5 {[%clk 0:10:35]} Nxe5 {[%clk 0:06:59]} 22. Qxe5
{[%clk 0:11:00]} dxc3 {[%clk 0:07:25]} 23. Qxc3 {[%clk 0:09:32]} Qxe3+
{[%clk 0:07:49]} 24. Kh1 {[%clk 0:09:59]} b4 {[%clk 0:08:00]} 25. Qe1
{[%clk 0:06:18]} Qxe1 {[%clk 0:07:27]} 26. Rfxe1 {[%clk 0:06:44]} Be6
{[%clk 0:06:57]} 27. Bxa6 {[%clk 0:06:33]} Bxa2 {[%clk 0:05:07]} 28. Rd4
{[%clk 0:05:19]} Rfd8 {[%clk 0:04:21]} 29. Red1 {[%clk 0:05:42]} Rxd4
{[%clk 0:04:07]} 30. Rxd4 {[%clk 0:06:08]} Be6 {[%clk 0:01:46]} 31. Kg1
{[%clk 0:06:07]} b3 {[%clk 0:01:38]} 32. Kf2 {[%clk 0:05:13]} Ra8
{[%clk 0:01:15]} 33. Rd6 {[%clk 0:05:06]} Kf8 {[%clk 0:01:24]} 34. Ke3
{[%clk 0:05:31]} Ke7 {[%clk 0:01:36]} 35. e5 {[%clk 0:05:14]} Rb8
{[%clk 0:00:46]} 36. Rd4 {[%clk 0:04:26]} Ra8 {[%clk 0:00:44]} 37. Rd6
{[%clk 0:02:50]} Rb8 {[%clk 0:00:38]} 38. Rd4 {[%clk 0:02:48]} Ra8
{[%clk 0:00:40]} 1/2-1/2

[Event "Ekstraliga 2019"]
[Site "Katowice"]
[Date "2019.08.30"]
[Round "3.7"]
[White "Tomczak, Jacek"]
[Black "Huschenbeth, Niclas"]
[Result "0-1"]
[BlackElo "2620"]
[WhiteElo "2628"]
[WhiteTeam "Akademia Szachowa Gliwice"]
[BlackTeam "KSz Silesia Raciborz"]
[LiveChessVersion "1.4.8"]

1. e4 {[%clk 1:30:56]} e5 {[%clk 1:30:54]} 2. Nf3 {[%clk 1:31:09]} Nc6
{[%clk 1:31:20]} 3. Bb5 {[%clk 1:31:08]} g6 {[%clk 1:31:46]} 4. c3
{[%clk 1:23:51]} a6 {[%clk 1:32:10]} 5. Ba4 {[%clk 1:24:15]} Bg7 {[%clk 1:32:19]}
6. d4 {[%clk 1:20:24]} exd4 {[%clk 1:32:45]} 7. cxd4 {[%clk 1:20:49]} b5
{[%clk 1:33:10]} 8. Bc2 {[%clk 1:20:56]} d6 {[%clk 1:33:35]} 9. d5
{[%clk 1:16:11]} Na5 {[%clk 1:33:30]} 10. O-O {[%clk 0:58:42]} Ne7
{[%clk 1:33:39]} 11. Bd2 {[%clk 0:44:50]} Bxb2 {[%clk 1:33:49]} 12. Bxa5
{[%clk 0:42:26]} Bxa1 {[%clk 1:34:14]} 13. Nc3 {[%clk 0:42:43]} Bb2
{[%clk 1:33:39]} 14. Qb1 {[%clk 0:41:43]} Ba3 {[%clk 1:33:08]} 15. Qa1
{[%clk 0:41:17]} O-O {[%clk 1:27:34]} 16. Nb1 {[%clk 0:40:06]} Bc5
{[%clk 1:27:24]} 17. Bc3 {[%clk 0:39:54]} f6 {[%clk 1:17:29]} 18. Bxf6
{[%clk 0:39:25]} Rxf6 {[%clk 1:14:06]} 19. Qxf6 {[%clk 0:39:48]} Qf8
{[%clk 1:10:30]} 20. Qh4 {[%clk 0:32:18]} Kg7 {[%clk 0:56:59]} 21. Nbd2
{[%clk 0:30:36]} Qf6 {[%clk 0:50:11]} 22. Qg3 {[%clk 0:28:38]} Bb4
{[%clk 0:35:23]} 23. Nb3 {[%clk 0:24:13]} Bc3 {[%clk 0:32:20]} 24. Rd1
{[%clk 0:20:06]} Bd7 {[%clk 0:30:23]} 25. e5 {[%clk 0:03:32]} Bxe5
{[%clk 0:29:03]} 26. Nxe5 {[%clk 0:03:59]} Qxe5 {[%clk 0:29:23]} 27. Qxe5+
{[%clk 0:04:25]} dxe5 {[%clk 0:29:49]} 28. Nc5 {[%clk 0:04:51]} Bf5
{[%clk 0:10:52]} 29. Bxf5 {[%clk 0:05:07]} Nxf5 {[%clk 0:10:21]} 30. Ne6+
{[%clk 0:04:38]} Kf7 {[%clk 0:10:10]} 31. Nxc7 {[%clk 0:03:16]} Ra7
{[%clk 0:10:10]} 32. Ne6 {[%clk 0:03:38]} Ke7 {[%clk 0:08:49]} 33. g4
{[%clk 0:02:23]} Nd6 {[%clk 0:08:43]} 34. Kf1 {[%clk 0:01:37]} b4
{[%clk 0:05:49]} 35. Nc5 {[%clk 0:01:11]} a5 {[%clk 0:05:28]} 36. Re1
{[%clk 0:00:57]} Nb5 {[%clk 0:04:31]} 37. Nd3 {[%clk 0:00:38]} Kd6
{[%clk 0:04:33]} 38. Rxe5 {[%clk 0:00:34]} Nc3 {[%clk 0:03:52]} 39. Re6+
{[%clk 0:00:33]} Kxd5 {[%clk 0:04:11]} 40. Nf4+ {[%clk 0:30:42]} Kc4
{[%clk 0:33:32]} 41. Rc6+ {[%clk 0:19:52]} Kb5 {[%clk 0:33:35]} 42. Rc8
{[%clk 0:19:31]} Rd7 {[%clk 0:30:12]} 43. Ne6 {[%clk 0:16:49]} Nxa2
{[%clk 0:28:26]} 44. Rb8+ {[%clk 0:16:56]} Kc6 {[%clk 0:24:39]} 45. f4
{[%clk 0:16:18]} Nc3 {[%clk 0:22:42]} 46. f5 {[%clk 0:15:53]} gxf5
{[%clk 0:23:08]} 47. gxf5 {[%clk 0:16:18]} Kd5 {[%clk 0:18:32]} 48. Ra8
{[%clk 0:08:47]} b3 {[%clk 0:18:28]} 49. Rxa5+ {[%clk 0:09:01]} Kc4
{[%clk 0:16:08]} 50. Rc5+ {[%clk 0:08:12]} Kb4 {[%clk 0:16:24]} 51. Rc8
{[%clk 0:08:20]} b2 {[%clk 0:16:38]} 0-1

[Event "Ekstraliga 2019"]
[Site "Katowice"]
[Date "2019.08.30"]
[Round "3.11"]
[White "Kantans, Toms"]
[Black "Jakubowski, Krzysztof"]
[Result "0-1"]
[BlackElo "2518"]
[WhiteElo "2490"]
[WhiteTeam "Akademia Szachowa Gliwice"]
[BlackTeam "KSz Silesia Raciborz"]
[LiveChessVersion "1.4.8"]

1. e4 {[%clk 1:30:56]} e5 {[%clk 1:30:46]} 2. Nf3 {[%clk 1:31:09]} Nc6
{[%clk 1:31:06]} 3. d4 {[%clk 1:30:46]} exd4 {[%clk 1:31:10]} 4. Nxd4
{[%clk 1:31:10]} Nf6 {[%clk 1:31:06]} 5. Nxc6 {[%clk 1:31:21]} bxc6
{[%clk 1:31:27]} 6. Qe2 {[%clk 1:30:44]} Bc5 {[%clk 1:31:08]} 7. Be3
{[%clk 1:20:40]} Bxe3 {[%clk 1:26:14]} 8. Qxe3 {[%clk 1:21:05]} Rb8
{[%clk 1:26:38]} 9. Qxa7 {[%clk 1:06:25]} Rxb2 {[%clk 1:25:12]} 10. Bd3
{[%clk 1:06:30]} Rb6 {[%clk 1:10:03]} 11. O-O {[%clk 1:03:21]} O-O
{[%clk 1:09:38]} 12. a4 {[%clk 0:58:45]} d5 {[%clk 0:47:12]} 13. a5
{[%clk 0:45:46]} Rb7 {[%clk 0:46:57]} 14. Qc5 {[%clk 0:40:43]} dxe4
{[%clk 0:44:31]} 15. a6 {[%clk 0:35:16]} Rb8 {[%clk 0:38:49]} 16. Be2
{[%clk 0:27:05]} Qd5 {[%clk 0:36:37]} 17. Qa7 {[%clk 0:20:49]} Bg4
{[%clk 0:34:03]} 18. Bxg4 {[%clk 0:17:52]} Qe5 {[%clk 0:34:08]} 19. Nd2
{[%clk 0:15:57]} Nxg4 {[%clk 0:32:11]} 20. f4 {[%clk 0:14:44]} Qe7
{[%clk 0:17:30]} 21. h3 {[%clk 0:10:35]} Ra8 {[%clk 0:15:13]} 22. Qd4
{[%clk 0:10:28]} Rfd8 {[%clk 0:15:25]} 23. Qc3 {[%clk 0:10:36]} Nf6
{[%clk 0:15:38]} 24. Nb3 {[%clk 0:08:22]} e3 {[%clk 0:13:11]} 25. Qc5
{[%clk 0:02:43]} Qe4 {[%clk 0:12:54]} 26. Qe5 {[%clk 0:00:58]} Qxc2
{[%clk 0:10:06]} 27. Nd4 {[%clk 0:01:24]} Qc4 {[%clk 0:10:05]} 28. Nf5
{[%clk 0:01:31]} e2 {[%clk 0:05:56]} 29. Rfc1 {[%clk 0:01:22]} Rxa6
{[%clk 0:04:38]} 30. Rxc4 {[%clk 0:00:53]} Rxa1+ {[%clk 0:05:00]} 31. Kf2
{[%clk 0:01:14]} e1=Q+ {[%clk 0:02:37]} 32. Qxe1 {[%clk 0:01:42]} Rxe1
{[%clk 0:03:03]} 33. Kxe1 {[%clk 0:02:08]} Re8+ {[%clk 0:03:28]} 34. Kd2
{[%clk 0:01:28]} g6 {[%clk 0:03:00]} 35. Ne3 {[%clk 0:01:02]} Re6
{[%clk 0:03:08]} 36. f5 {[%clk 0:00:37]} Rd6+ {[%clk 0:02:46]} 37. Ke2
{[%clk 0:01:07]} g5 {[%clk 0:02:44]} 38. h4 {[%clk 0:00:43]} h6 {[%clk 0:02:58]}
39. hxg5 {[%clk 0:01:09]} hxg5 {[%clk 0:03:27]} 40. Nc2 {[%clk 0:31:12]} Nd5
{[%clk 0:32:20]} 41. Kf3 {[%clk 0:26:00]} Nb6 {[%clk 0:31:35]} 42. Rc3
{[%clk 0:24:03]} Nd7 {[%clk 0:31:09]} 43. Kg4 {[%clk 0:19:15]} Nf6+
{[%clk 0:29:32]} 44. Kf3 {[%clk 0:18:26]} g4+ {[%clk 0:29:29]} 45. Ke2
{[%clk 0:18:46]} Kg7 {[%clk 0:28:20]} 46. Nb4 {[%clk 0:18:07]} Nd5
{[%clk 0:24:58]} 47. Rc4 {[%clk 0:06:44]} Nxb4 {[%clk 0:25:04]} 48. Rxg4+
{[%clk 0:07:05]} Kf6 {[%clk 0:25:29]} 49. Rxb4 {[%clk 0:07:33]} Kxf5
{[%clk 0:25:52]} 50. Rc4 {[%clk 0:07:32]} Ke5 {[%clk 0:25:27]} 51. Rc1
{[%clk 0:07:54]} Kd4 {[%clk 0:22:19]} 52. Rd1+ {[%clk 0:08:15]} Ke4
{[%clk 0:22:27]} 53. Rc1 {[%clk 0:08:41]} Re6 {[%clk 0:20:51]} 54. Kf2
{[%clk 0:08:38]} Rf6+ {[%clk 0:21:08]} 55. Ke2 {[%clk 0:08:12]} Re6
{[%clk 0:20:03]} 56. Kf2 {[%clk 0:08:37]} Kd4 {[%clk 0:17:20]} 57. Rd1+
{[%clk 0:09:00]} Kc4 {[%clk 0:17:44]} 58. Rc1+ {[%clk 0:09:24]} Kb5
{[%clk 0:17:36]} 59. Rb1+ {[%clk 0:09:48]} Ka6 {[%clk 0:17:58]} 60. Ra1+
{[%clk 0:08:59]} Kb7 {[%clk 0:18:20]} 61. Rb1+ {[%clk 0:09:26]} Kc8
{[%clk 0:18:42]} 62. Rc1 {[%clk 0:09:48]} Kd7 {[%clk 0:19:05]} 63. Kf3
{[%clk 0:09:17]} Re5 {[%clk 0:19:01]} 64. Kf4 {[%clk 0:07:08]} Rd5
{[%clk 0:17:13]} 65. g4 {[%clk 0:07:29]} c5 {[%clk 0:16:39]} 66. g5
{[%clk 0:05:04]} Kc6 {[%clk 0:15:40]} 67. Kg4 {[%clk 0:04:20]} Kd6
{[%clk 0:10:14]} 68. Rf1 {[%clk 0:02:03]} Ke7 {[%clk 0:10:10]} 69. Rc1
{[%clk 0:00:41]} Kf8 {[%clk 0:10:21]} 70. Kf4 {[%clk 0:00:36]} Kg7
{[%clk 0:10:37]} 71. Ra1 {[%clk 0:00:48]} c4 {[%clk 0:07:46]} 72. Ke4
{[%clk 0:00:47]} Rxg5 {[%clk 0:07:56]} 73. Ra7 {[%clk 0:01:12]} Rc5
{[%clk 0:06:46]} 74. Kd4 {[%clk 0:01:38]} Rc6 {[%clk 0:07:12]} 75. Kd5
{[%clk 0:02:01]} Rd6+ {[%clk 0:07:37]} 76. Kxc4 {[%clk 0:02:26]} Rd7
{[%clk 0:08:03]} 77. Kd4 0-1

[Event "Ekstraliga 2019"]
[Site "Katowice"]
[Date "2019.08.30"]
[Round "3.13"]
[White "Matuszewski, Michal"]
[Black "Wojtaszek, Radoslaw"]
[Result "1/2-1/2"]
[BlackElo "2739"]
[WhiteElo "2518"]
[WhiteTeam "KSz Dwie Wieze Krakow"]
[BlackTeam "Wasko HETMAN GKS Katowice"]
[LiveChessVersion "1.4.8"]

1. d4 {[%clk 1:30:55]} d5 {[%clk 1:30:51]} 2. Bf4 {[%clk 1:30:12]} c5
{[%clk 1:31:11]} 3. e3 {[%clk 1:30:01]} Nc6 {[%clk 1:31:31]} 4. c3
{[%clk 1:29:31]} Bf5 {[%clk 1:31:52]} 5. Nd2 {[%clk 1:28:44]} e6 {[%clk 1:32:10]}
6. Qb3 {[%clk 1:21:43]} Qd7 {[%clk 1:29:19]} 7. Ngf3 {[%clk 1:17:53]} c4
{[%clk 1:29:40]} 8. Qd1 {[%clk 1:18:16]} Nf6 {[%clk 1:30:04]} 9. Be2
{[%clk 1:17:25]} Be7 {[%clk 1:21:56]} 10. h3 {[%clk 1:13:24]} h6 {[%clk 1:21:57]}
11. O-O {[%clk 1:12:53]} b5 {[%clk 1:21:53]} 12. a4 {[%clk 1:06:46]} b4
{[%clk 1:15:36]} 13. Ne5 {[%clk 0:58:53]} Qc8 {[%clk 0:52:01]} 14. Nxc6
{[%clk 0:53:45]} Qxc6 {[%clk 0:50:09]} 15. cxb4 {[%clk 0:50:50]} Qb7
{[%clk 0:41:36]} 16. b5 {[%clk 0:44:33]} O-O {[%clk 0:41:12]} 17. Bf3
{[%clk 0:39:26]} Bd3 {[%clk 0:39:25]} 18. Be2 {[%clk 0:38:30]} Bxe2
{[%clk 0:26:01]} 19. Qxe2 {[%clk 0:38:52]} a6 {[%clk 0:26:29]} 20. b3
{[%clk 0:33:55]} axb5 {[%clk 0:26:54]} 21. axb5 {[%clk 0:34:18]} c3
{[%clk 0:26:22]} 22. Rxa8 {[%clk 0:30:28]} Rxa8 {[%clk 0:26:31]} 23. Nb1
{[%clk 0:30:45]} Bb4 {[%clk 0:24:17]} 24. f3 {[%clk 0:25:34]} Ra5
{[%clk 0:20:31]} 25. Rc1 {[%clk 0:24:50]} Rxb5 {[%clk 0:20:54]} 26. Nxc3
{[%clk 0:24:35]} Bxc3 {[%clk 0:21:20]} 27. Rxc3 {[%clk 0:24:59]} Rxb3
{[%clk 0:21:47]} 28. Rc7 {[%clk 0:23:16]} Qb5 {[%clk 0:18:25]} 29. Qc2
{[%clk 0:19:08]} Qd3 {[%clk 0:18:34]} 30. Qxd3 {[%clk 0:18:49]} Rxd3
{[%clk 0:19:00]} 31. g4 {[%clk 0:18:52]} Ra3 {[%clk 0:16:48]} 32. h4
{[%clk 0:17:16]} Ra8 {[%clk 0:17:13]} 33. Kf2 {[%clk 0:16:13]} Nh7
{[%clk 0:12:48]} 34. Kg3 {[%clk 0:14:43]} Rd8 {[%clk 0:11:13]} 35. Rb7
{[%clk 0:13:43]} Rc8 {[%clk 0:11:35]} 36. Bc7 {[%clk 0:11:23]} Nf8
{[%clk 0:08:37]} 37. Bd6 {[%clk 0:11:34]} Nh7 {[%clk 0:08:41]} 38. Kf4
{[%clk 0:11:33]} g5+ {[%clk 0:07:39]} 39. Kg3 {[%clk 0:11:40]} gxh4+
{[%clk 0:07:36]} 40. Kxh4 {[%clk 0:42:06]} Ng5 {[%clk 0:34:19]} 41. Kh5
{[%clk 0:39:25]} Nxf3 {[%clk 0:26:08]} 42. Kxh6 {[%clk 0:39:49]} Nh4
{[%clk 0:20:56]} 43. Kg5 {[%clk 0:40:14]} Nf3+ {[%clk 0:20:25]} 44. Kf6
{[%clk 0:38:34]} Nd2 {[%clk 0:20:26]} 45. Be5 {[%clk 0:38:10]} Ne4+
{[%clk 0:19:33]} 46. Ke7 {[%clk 0:38:36]} Ra8 {[%clk 0:17:05]} 47. Rc7
{[%clk 0:36:27]} Rb8 {[%clk 0:12:40]} 48. Ra7 {[%clk 0:36:10]} Rf8
{[%clk 0:11:46]} 49. g5 {[%clk 0:33:00]} f6 {[%clk 0:11:04]} 50. Kxe6
{[%clk 0:25:30]} fxe5 {[%clk 0:11:30]} 51. Kxd5 {[%clk 0:25:49]} exd4
{[%clk 0:11:43]} 52. Kxe4 {[%clk 0:26:02]} 1/2-1/2

[Event "Ekstraliga 2019"]
[Site "Katowice"]
[Date "2019.08.30"]
[Round "3.14"]
[White "Navara, David"]
[Black "Leniart, Arkadiusz"]
[Result "0-1"]
[BlackElo "2488"]
[WhiteElo "2724"]
[WhiteTeam "Wasko HETMAN GKS Katowice"]
[BlackTeam "KSz Dwie Wieze Krakow"]
[LiveChessVersion "1.4.8"]

1. e4 {[%clk 1:30:59]} e5 {[%clk 1:30:55]} 2. Nf3 {[%clk 1:31:25]} Nc6
{[%clk 1:31:21]} 3. Bb5 {[%clk 1:31:51]} Nf6 {[%clk 1:31:45]} 4. d3
{[%clk 1:30:58]} Bc5 {[%clk 1:32:08]} 5. Bxc6 {[%clk 1:27:03]} dxc6
{[%clk 1:32:14]} 6. Qe2 {[%clk 1:27:27]} Bg4 {[%clk 1:29:08]} 7. Nbd2
{[%clk 1:26:46]} Qe7 {[%clk 1:25:24]} 8. h3 {[%clk 1:21:29]} Bxf3
{[%clk 1:24:59]} 9. Nxf3 {[%clk 1:21:46]} O-O-O {[%clk 1:24:21]} 10. a3
{[%clk 1:17:30]} a6 {[%clk 1:20:04]} 11. b4 {[%clk 1:14:12]} Ba7 {[%clk 1:19:29]}
12. O-O {[%clk 1:09:38]} Rhe8 {[%clk 1:09:38]} 13. a4 {[%clk 0:56:56]} Qxb4
{[%clk 0:56:03]} 14. Ba3 {[%clk 0:57:15]} Qxa4 {[%clk 0:56:02]} 15. Rfb1
{[%clk 0:48:01]} c5 {[%clk 0:50:33]} 16. Bxc5 {[%clk 0:48:03]} Qxa1
{[%clk 0:50:57]} 17. Rxa1 {[%clk 0:48:27]} Bxc5 {[%clk 0:51:24]} 18. c3
{[%clk 0:41:08]} Bb6 {[%clk 0:37:38]} 19. Nd2 {[%clk 0:38:06]} Re6
{[%clk 0:37:05]} 20. Nc4 {[%clk 0:37:05]} Ba7 {[%clk 0:36:51]} 21. Qf3
{[%clk 0:35:38]} Rd7 {[%clk 0:29:12]} 22. Rd1 {[%clk 0:31:23]} b5
{[%clk 0:25:48]} 23. Na5 {[%clk 0:30:41]} Bb6 {[%clk 0:24:15]} 24. Nb3
{[%clk 0:28:40]} Red6 {[%clk 0:19:34]} 25. d4 {[%clk 0:28:11]} c5
{[%clk 0:17:28]} 26. Ra1 {[%clk 0:17:17]} c4 {[%clk 0:16:00]} 27. Nc1
{[%clk 0:15:00]} Re6 {[%clk 0:12:53]} 28. d5 {[%clk 0:08:56]} Red6
{[%clk 0:13:18]} 29. Na2 {[%clk 0:09:18]} Ne8 {[%clk 0:11:48]} 30. Qh5
{[%clk 0:07:58]} Rf6 {[%clk 0:10:28]} 31. Rf1 {[%clk 0:06:38]} Nd6
{[%clk 0:09:41]} 32. Qxh7 {[%clk 0:06:12]} a5 {[%clk 0:08:30]} 33. Qxg7
{[%clk 0:03:36]} Nxe4 {[%clk 0:08:37]} 34. Qg8+ {[%clk 0:04:01]} Kc7
{[%clk 0:08:11]} 35. Qe8 {[%clk 0:00:53]} Rxd5 {[%clk 0:07:30]} 36. Kh2
{[%clk 0:00:33]} Bxf2 {[%clk 0:04:21]} 37. Qa8 {[%clk 0:01:00]} Bg3+
{[%clk 0:02:24]} 38. Kg1 {[%clk 0:01:25]} Rxf1+ {[%clk 0:02:47]} 39. Kxf1
{[%clk 0:01:51]} Rd1+ {[%clk 0:02:39]} 40. Ke2 {[%clk 0:32:17]} Rd2+
{[%clk 0:31:37]} 41. Ke3 {[%clk 0:32:11]} f5 {[%clk 0:27:26]} 42. Qxa5+
{[%clk 0:32:20]} Kc8 {[%clk 0:25:08]} 43. Qa8+ {[%clk 0:29:54]} Kd7
{[%clk 0:23:49]} 44. Qb7+ {[%clk 0:29:16]} Kd8 {[%clk 0:23:17]} 45. Qb6+
{[%clk 0:20:39]} Ke7 {[%clk 0:23:21]} 46. Qa7+ {[%clk 0:21:00]} Kf6
{[%clk 0:22:47]} 47. Qb6+ {[%clk 0:20:44]} Kg5 {[%clk 0:22:14]} 48. h4+
{[%clk 0:21:08]} Kh5 {[%clk 0:22:34]} 49. Kf3 {[%clk 0:21:33]} Rf2+
{[%clk 0:22:13]} 50. Qxf2 {[%clk 0:21:57]} Bxf2 {[%clk 0:20:58]} 51. g4+
{[%clk 0:22:23]} fxg4+ {[%clk 0:16:34]} 52. Kxe4 {[%clk 0:22:41]} g3
{[%clk 0:16:57]} 53. Kd4 0-1

[Event "Ekstraliga 2019"]
[Site "Katowice"]
[Date "2019.08.30"]
[Round "3.15"]
[White "Druska, Juraj"]
[Black "Socko, Bartosz"]
[Result "1/2-1/2"]
[BlackElo "2625"]
[WhiteElo "2460"]
[WhiteTeam "KSz Dwie Wieze Krakow"]
[BlackTeam "Wasko HETMAN GKS Katowice"]
[LiveChessVersion "1.4.8"]

1. e4 {[%clk 1:30:48]} c5 {[%clk 1:30:55]} 2. Nf3 {[%clk 1:31:07]} d6
{[%clk 1:31:21]} 3. d4 {[%clk 1:30:59]} cxd4 {[%clk 1:31:44]} 4. Qxd4
{[%clk 1:31:24]} Nc6 {[%clk 1:32:01]} 5. Bb5 {[%clk 1:31:47]} a6 {[%clk 1:32:22]}
6. Bxc6+ {[%clk 1:32:07]} bxc6 {[%clk 1:32:45]} 7. O-O {[%clk 1:32:28]} e5
{[%clk 1:32:47]} 8. Qa4 {[%clk 1:32:54]} Bd7 {[%clk 1:29:56]} 9. c4
{[%clk 1:33:18]} Qc7 {[%clk 1:19:23]} 10. Qc2 {[%clk 1:32:56]} Ne7
{[%clk 1:18:42]} 11. Nc3 {[%clk 1:31:52]} Ng6 {[%clk 1:15:32]} 12. c5
{[%clk 1:27:53]} dxc5 {[%clk 1:14:04]} 13. Be3 {[%clk 1:21:24]} Nf4
{[%clk 1:07:18]} 14. Na4 {[%clk 1:13:07]} Bg4 {[%clk 1:07:02]} 15. Nxc5
{[%clk 1:12:56]} Bxf3 {[%clk 1:04:25]} 16. gxf3 {[%clk 1:13:07]} Bd6
{[%clk 0:52:59]} 17. Rfd1 {[%clk 0:55:37]} O-O {[%clk 0:52:33]} 18. Bxf4
{[%clk 0:54:02]} exf4 {[%clk 0:52:05]} 19. Rd3 {[%clk 0:51:23]} Rfe8
{[%clk 0:43:58]} 20. Rad1 {[%clk 0:50:52]} Bf8 {[%clk 0:44:13]} 21. Kh1
{[%clk 0:41:36]} Re5 {[%clk 0:39:52]} 22. Rd7 {[%clk 0:21:34]} Rxc5
{[%clk 0:34:44]} 23. Qxc5 {[%clk 0:21:46]} Qxd7 {[%clk 0:35:07]} 24. Qxf8+
{[%clk 0:22:09]} Kxf8 {[%clk 0:35:31]} 25. Rxd7 {[%clk 0:22:34]} Rb8
{[%clk 0:35:54]} 26. b3 {[%clk 0:22:56]} Rb5 {[%clk 0:36:19]} 27. Rc7
{[%clk 0:19:22]} Rc5 {[%clk 0:36:18]} 28. Kg2 {[%clk 0:19:47]} a5
{[%clk 0:33:51]} 29. a3 {[%clk 0:12:53]} Rb5 {[%clk 0:18:37]} 30. b4
{[%clk 0:11:21]} axb4 {[%clk 0:19:01]} 31. axb4 {[%clk 0:11:45]} Rb6
{[%clk 0:19:02]} 32. Kh3 {[%clk 0:10:32]} Rxb4 {[%clk 0:16:55]} 33. Rxc6
{[%clk 0:10:11]} Rb2 {[%clk 0:16:42]} 34. Kg4 {[%clk 0:06:11]} Rxf2
{[%clk 0:17:05]} 35. h4 {[%clk 0:06:37]} Rh2 {[%clk 0:17:10]} 36. h5
{[%clk 0:06:26]} h6 {[%clk 0:16:01]} 37. Rc5 {[%clk 0:02:01]} Rg2+
{[%clk 0:14:18]} 38. Kxf4 {[%clk 0:02:30]} Kg8 {[%clk 0:13:47]} 39. e5
{[%clk 0:01:32]} Kf8 {[%clk 0:11:57]} 40. Rc8+ {[%clk 0:30:51]} Ke7
{[%clk 0:42:21]} 41. Rc7+ {[%clk 0:30:48]} Ke6 {[%clk 0:42:28]} 42. Rc6+
{[%clk 0:31:09]} Kd7 {[%clk 0:42:30]} 43. Ra6 {[%clk 0:31:12]} Rg5
{[%clk 0:40:14]} 44. Ke4 {[%clk 0:25:27]} Rxh5 {[%clk 0:39:40]} 45. Ra7+
{[%clk 0:24:34]} Ke8 {[%clk 0:39:41]} 46. Ra8+ {[%clk 0:24:59]} 1/2-1/2

[Event "Ekstraliga 2019"]
[Site "Katowice"]
[Date "2019.08.30"]
[Round "3.16"]
[White "Gajewski, Grzegorz"]
[Black "Kaczmarek, Aleksander"]
[Result "1-0"]
[BlackElo "2389"]
[WhiteElo "2613"]
[WhiteTeam "Wasko HETMAN GKS Katowice"]
[BlackTeam "KSz Dwie Wieze Krakow"]
[LiveChessVersion "1.4.8"]

1. d4 {[%clk 1:30:55]} c5 {[%clk 1:30:53]} 2. d5 {[%clk 1:31:18]} e6
{[%clk 1:31:17]} 3. Nc3 {[%clk 1:31:31]} d6 {[%clk 1:31:17]} 4. e4
{[%clk 1:31:28]} a6 {[%clk 1:31:13]} 5. a4 {[%clk 1:31:30]} Ne7 {[%clk 1:30:01]}
6. Bc4 {[%clk 1:24:27]} e5 {[%clk 1:26:09]} 7. h4 {[%clk 1:16:28]} g6
{[%clk 1:20:58]} 8. h5 {[%clk 1:16:37]} h6 {[%clk 1:21:12]} 9. Nf3
{[%clk 1:12:09]} Bg7 {[%clk 1:20:50]} 10. hxg6 {[%clk 1:11:02]} fxg6
{[%clk 1:21:06]} 11. Be2 {[%clk 1:10:23]} Nd7 {[%clk 1:15:24]} 12. Nd2
{[%clk 1:10:45]} b6 {[%clk 1:09:27]} 13. Nc4 {[%clk 1:06:11]} Qc7
{[%clk 1:09:51]} 14. Ra3 {[%clk 1:02:56]} Rb8 {[%clk 1:05:37]} 15. Rb3
{[%clk 1:03:17]} g5 {[%clk 1:05:00]} 16. Bh5+ {[%clk 0:59:35]} Kd8
{[%clk 1:05:13]} 17. Bg4 {[%clk 0:59:54]} Rf8 {[%clk 1:01:46]} 18. Be6
{[%clk 0:58:38]} Ng6 {[%clk 0:57:31]} 19. Rxh6 {[%clk 0:46:47]} Bxh6
{[%clk 0:55:58]} 20. Qh5 {[%clk 0:47:14]} Nf6 {[%clk 0:29:19]} 21. Qxg6
{[%clk 0:44:54]} Qh7 {[%clk 0:29:20]} 22. Qxh7 {[%clk 0:45:14]} Nxh7
{[%clk 0:29:43]} 23. Bxc8 {[%clk 0:42:08]} Kxc8 {[%clk 0:30:03]} 24. Nxd6+
{[%clk 0:42:31]} Kc7 {[%clk 0:27:06]} 25. Nf5 {[%clk 0:42:53]} Rf6
{[%clk 0:27:02]} 26. d6+ {[%clk 0:43:05]} Kd7 {[%clk 0:22:19]} 27. Nd5
{[%clk 0:43:27]} Rg6 {[%clk 0:22:41]} 28. Rh3 {[%clk 0:40:03]} Nf6
{[%clk 0:21:24]} 29. Nxf6+ {[%clk 0:40:07]} Rxf6 {[%clk 0:21:51]} 30. Nxh6
{[%clk 0:38:10]} Rxd6 {[%clk 0:21:01]} 31. Nf5 {[%clk 0:36:26]} Rg6
{[%clk 0:21:22]} 32. Rh7+ {[%clk 0:36:52]} Ke6 {[%clk 0:21:39]} 33. Ne7
{[%clk 0:36:02]} Rf6 {[%clk 0:20:45]} 34. Bxg5 {[%clk 0:36:21]} Rf7
{[%clk 0:21:09]} 35. Rh6+ {[%clk 0:36:46]} Kd7 {[%clk 0:21:36]} 36. Nd5
{[%clk 0:36:08]} b5 {[%clk 0:21:56]} 37. a5 {[%clk 0:36:15]} Rg7 {[%clk 0:22:19]}
38. Bf6 {[%clk 0:35:01]} Rg4 {[%clk 0:21:50]} 39. Nb6+ {[%clk 0:33:56]} Ke6
{[%clk 0:21:12]} 40. Bxe5+ {[%clk 1:04:19]} Kd5 1-0